Los descubrimientos de Cristóbal : (Record no. 35803)
[ view plain ]
| 000 -CABECERA | |
|---|---|
| campo de control de longitud fija | 00606nam a2200169 a 4500 |
| 001 - NÚMERO DE CONTROL | |
| campo de control | 000036312 |
| 005 - FECHA Y HORA DE LA ÚLTIMA TRANSACCIÓN | |
| campo de control | 20240313182404.0 |
| 008 - DATOS DE LONGITUD FIJA--INFORMACIÓN GENERAL | |
| campo de control de longitud fija | 120113s1994 mx a 000 0 spa d |
| 040 ## - FUENTE DE LA CATALOGACIÓN | |
| Centro catalogador/agencia de origen | DO-SdBNP |
| Lengua de catalogación | spa |
| Centro/agencia transcriptor | BNPHU |
| 100 1# - ENTRADA PRINCIPAL--NOMBRE DE PERSONA | |
| Nombre de persona | Pellicer, Alejandra |
| 9 (RLIN) | 62465 |
| 245 14 - MENCIÓN DE TÍTULO | |
| Título | Los descubrimientos de Cristóbal : |
| Resto del título | historias sobre una historia / |
| Mención de responsabilidad, etc. | Alejandra Pellicer. |
| 260 ## - PUBLICACIÓN, DISTRIBUCIÓN, ETC. | |
| Lugar de publicación, distribución, etc. | México : |
| Nombre del editor, distribuidor, etc. | Secretaría de Educación Pública, |
| Fecha de publicación, distribución, etc. | 1994. |
| 300 ## - DESCRIPCIÓN FÍSICA | |
| Extensión | 55 p. : |
| Otras características físicas | il. ; |
| Dimensiones | 21 cm. |
| 600 #0 - PUNTO DE ACCESO ADICIONAL DE MATERIA--NOMBRE DE PERSONA | |
| Nombre de persona | COLÓN, CRISTOBAL, |
| Fechas asociadas al nombre | 1436-1456 |
| 9 (RLIN) | 19795 |
| 651 #4 - PUNTO DE ACCESO ADICIONAL DE MATERIA--NOMBRE GEOGRÁFICO | |
| Nombre geográfico | América |
| Subdivisión general | Descubrimiento Y Conquista |
| 9 (RLIN) | 62466 |
| 651 #4 - PUNTO DE ACCESO ADICIONAL DE MATERIA--NOMBRE GEOGRÁFICO | |
| Nombre geográfico | América |
| Subdivisión general | Historia |
| 9 (RLIN) | 865 |
| Estado de retiro | Estado de pérdida | Restricciones de uso | No para préstamo | Código de colección | Localización permanente | Ubicación/localización actual | Ubicación en estantería | Fecha de adquisición | Número de inventario | Total de préstamos | Signatura topográfica completa | Código de barras | Fecha visto por última vez | Precio válido a partir de | Tipo de ítem Koha |
|---|---|---|---|---|---|---|---|---|---|---|---|---|---|---|---|
| Excluido de préstamo | Monografías: Libros y Folletos | General | General | En catalogación | 13.01.2012 | LF1 | 36313-10 | 25.06.2020 | 25.06.2020 | No se presta |
